000 00518nam a22002177a 4500
003 UA-OsUOA
001 55319
007 ta
008 20080909b un ||||| |||| 00| 0 ukr d
090 _a908
_bО-78
942 _cBR
040 _aUA-OsUOA
_bukr
_cUA-OsUOA
_dUA-OsUOA
245 _aОстрожчина: минуле і сучасне
300 _a20 с.
955 _a2
041 _aukr
080 _a908
260 _aОстрог
_c2003
650 7 _a908 Краєзнавство
_2UDC
999 _c341402
_d341402